000
00196nam a2200085Ia 4500
008
191206s9999 xx 000 0 und d
020
_a
1919713573
090
_a
SB123.S7T49
245
0
_a
Genes For Africa
999
_c
16041
_d
16041